An introduction to the theology of Albrecht Ritschl /

Bibliographic Details
Main Author: Mueller, David L. (David Livingstone), 1929-
Format: Book
Language:English
Published: Philadelphia : Westminster Press, [1969]
Subjects:

MARC

Tag First Indicator Second Indicator Subfields
LEADER 00000cam a2200000 4500
001 in00000321920
005 20151011050541.0
008 700127s1969 pau b 00010 eng
010 |a  77080978  
020 |a 0664208738  |c 8.50 
035 |a (OCoLC)00056842 
035 |9 ABK2023AM 
040 |a DLC  |c DLC  |d TXA  |d UtOrBLW 
049 |a TXAM  |c [640478] 
050 0 |a BX4827.R5  |b M8 
082 0 |a 230.4/0924 
100 1 |a Mueller, David L.  |q (David Livingstone),  |d 1929- 
245 1 3 |a An introduction to the theology of Albrecht Ritschl /  |c by David L. Mueller. 
264 1 |a Philadelphia :  |b Westminster Press,  |c [1969] 
300 |a 214 pages ;  |c 24 cm. 
336 |a text  |b txt  |2 rdacontent 
337 |a unmediated  |b n  |2 rdamedia 
338 |a volume  |b nc  |2 rdacarrier 
504 |a Bibliographical references included in "Notes" (pages 181-214). 
600 1 0 |a Ritschl, Albrecht,  |d 1822-1889. 
999 |a MARS 
999 f f |s 6f450cf7-a692-3119-a3e5-6028800e61b0  |i 879498cf-b43a-3b19-91a5-026671924e13  |t 0 
952 f f |p ric  |a Texas A&M University  |b Rellis Campus  |c Joint Library Facility  |d Remote Storage  |t 0  |e BX4827.R5 M8  |h Library of Congress classification  |i unmediated -- volume  |m A14801823050 
998 f f |a BX4827.R5 M8  |t 0  |l Remote Storage